Statistics for Alabama Counties Quiz

Click here to take the quiz!

General Stats

  • This quiz has been taken 15,934 times
    (15,931 since last reset)
  • The average score is 36 of 67

Answers on the Map

Answers color-coded by a green-red scale on the quiz's map according to % correct below.
 

Answer Stats

PopulationCounty% Correct
412,992Mobile
90%
658,466Jefferson
89%
229,363Montgomery
85%
334,811Madison
80%
194,656Tuscaloosa 
76%
53,227Jackson
75%
17,581Washington
75%
140,247Lee
72%
182,265Baldwin
71%
23,068Monroe
67%
195,085Shelby
66%
9,045Greene
64%
31,704Franklin
60%
82,291Talladega
60%
25,989Cherokee
57%
38,319Escambia
57%
82,782Limestone
57%
92,709Lauderdale 
56%
71,109DeKalb
55%
101,547Houston
55%
118,572Calhoun
54%
80,406Cullman
54%
22,915Bibb
53%
13,932Clay
53%
43,820Dallas
53%
104,430Etowah
53%
30,776Marion
53%
83,593St. Clair
53%
54,571Autauga
52%
57,322Blount
52%
119,490Morgan 
52%
25,833Clarke
51%
13,859Choctaw
50%
49,948Coffee
50%
17,241Fayette
50%
93,019Marshall
50%
32,899Pike
50%
41,616Tallapoosa
50%
67,023Walker
50%
24,484Winston 
50%
17,302Henry
49%
54,428Colbert
48%
11,539Coosa
48%
50,251Dale
48%
13,228Conecuh
47%
26,790Geneva
47%
15,760Hale
47%
34,339Lawrence
47%
14,564Lamar
46%
11,299Lowndes 
46%
10,591Perry
46%
19,746Pickens
46%
13,763Sumter
46%
27,457Barbour
45%
43,643Chilton
45%
21,452Macon
45%
79,303Elmore
43%
21,027Marengo
43%
52,947Russell
43%
11,670Wilcox
43%
20,947Butler
42%
37,765Covington
42%
22,913Randolph
42%
34,215Chambers
41%
13,906Crenshaw
40%
10,914Bullock
39%
14,972Cleburne
39%

Score Distribution

Percentile by Number Answered

Percent of People with Each Score

Your Score History

You have not taken this quiz since the last reset